000 00674nam a22002057a 4500
005 20251108173418.0
008 250721s2005 xx 000 0 ara d
082 1 4 _aم/ 214.61/ نور
100 1 _aالنورسي، سعيد
245 1 0 _aمجموعة عصا موسى : تبدد الظلمات و تمحق سحر الماديات /
264 1 _aالقاهرة :
_bشركة سوزلر للنشر،
_c2005.
300 _a422ص.
650 1 7 _aالإيمان
650 1 7 _aالعقيدة الدينية
650 1 7 _aالأنبياء
650 1 7 _aالمعجزات
700 1 _aالصالحي، إحسان قاسم
_eTran.
942 _2ddc
_cREF
999 _c103265
_d103265